000 00348 a2200169 4500
001 171798
020 _a85-08-01083-X
040 _cMagnum
100 _aRey, Marcos
240 1 0 _aBem-vindos ao rio
_lpor
245 1 0 _aBem-vindos ao rio
300 _a126
362 0 _a1986
440 1 _aÁtica
697 _aLITERATURA JUVENIL
942 _cBK
999 _c171798
_d171798